[Event "Oberschwaben-chA"]
[Site "Markdorf"]
[Date "2009.05.22"]
[Round "3"]
[White "Bacquele, Fabrice"]
[Black "Rothmund, Joachim"]
[Result "1-0"]
[WhiteElo "1830"]
[BlackElo "1866"]
[PlyCount "79"]
[EventDate "2009.05.??"]
[EventType "swiss"]
[EventRounds "7"]
[EventCountry "GER"]

1. e4 d5 2. exd5 Qxd5 3. Nc3 Qa5 4. d4 c6 5. Nf3 Nf6 6. Bc4 Bf5 7. Bd2 e6 8.
Nd5 Qd8 9. Nxf6+ gxf6 10. Qe2 Be7 11. O-O-O Nd7 12. Nh4 Bg6 13. g3 Nb6 14. Bb3
Qc7 15. f4 O-O-O 16. f5 exf5 17. Bf4 Bd6 18. Ng2 h5 19. h4 Rhe8 20. Qf2 Re4 21.
Rhe1 Nd5 22. Bxd5 cxd5 23. Re3 Kb8 24. Rc3 Qe7 25. Rc5 b6 26. Rxd5 Bxf4+ 27.
Nxf4 Rxd5 28. Nxd5 Qe6 29. Nc3 Rg4 30. d5 Qd7 31. Ne2 Qa4 32. Nf4 Qxa2 33. d6
Qa1+ 34. Kd2 Qa5+ 35. c3 Kc8 36. Qf3 Qc5 37. Qa8+ Kd7 38. Qb7+ Kd8 39. Qe7+ Kc8
40. d7+ 1-0

[Event "Oberschwaben-chA"]
[Site "Markdorf"]
[Date "2009.05.22"]
[Round "3"]
[White "Ahlfaenger, Andreas"]
[Black "Eltrich, Martin"]
[Result "1/2-1/2"]
[WhiteElo "2022"]
[BlackElo "1894"]
[PlyCount "70"]
[EventDate "2009.05.??"]
[EventType "swiss"]
[EventRounds "7"]
[EventCountry "GER"]

1. c4 Nf6 2. g3 g6 3. Bg2 Bg7 4. Nc3 d6 5. e3 e5 6. Nge2 Nc6 7. d3 O-O 8. O-O
Be6 9. Nd5 Nd7 10. Rb1 Rb8 11. b4 Ne7 12. b5 Bxd5 13. cxd5 a6 14. bxa6 bxa6 15.
Ba3 Nb6 16. d4 exd4 17. Nxd4 Nbxd5 18. Rxb8 Qxb8 19. Bxd5 Nxd5 20. Nc6 Nc3 21.
Qc2 Qb5 22. Nb4 Qh5 23. f3 Nb5 24. Bb2 Bxb2 25. Qxb2 Qe5 26. Qxe5 dxe5 27. Rc1
a5 28. Nc6 a4 29. Rc5 Nd6 30. Ra5 Nc4 31. Rxa4 Nxe3 32. Kf2 Nf5 33. Ra7 Nd4 34.
Rxc7 Nxc6 35. Rxc6 Ra8 1/2-1/2

[Event "Oberschwaben-chA"]
[Site "Markdorf"]
[Date "2009.05.22"]
[Round "3"]
[White "Hoffart, Alexander"]
[Black "Jacob, Matthaeus"]
[Result "1-0"]
[WhiteElo "1873"]
[BlackElo "1880"]
[PlyCount "107"]
[EventDate "2009.05.??"]
[EventType "swiss"]
[EventRounds "7"]
[EventCountry "GER"]

1. e4 c5 2. Nf3 d6 3. d4 cxd4 4. Qxd4 Nc6 5. Bb5 Bd7 6. Bxc6 Bxc6 7. O-O Nf6 8.
e5 dxe5 9. Qxd8+ Rxd8 10. Nxe5 Rc8 11. c4 e6 12. Rd1 Bc5 13. Nc3 O-O 14. Bf4
Nh5 15. Bd2 f5 16. Ne2 Bd6 17. Bc3 Bxe5 18. Bxe5 Nf6 19. Nd4 Kf7 20. b3 Rfe8
21. f3 Re7 22. Kf2 g5 23. b4 a6 24. a4 h5 25. h3 Be8 26. Rdc1 g4 27. hxg4 hxg4
28. b5 Rd7 29. Rab1 Rc5 30. f4 Ne4+ 31. Ke3 Nd6 32. Kd3 axb5 33. axb5 Ke7 34.
Rb4 Ne4 35. Ra4 Rc8 36. Ke3 Nc5 37. Ra7 Ne4 38. Nb3 Nd6 39. Bxd6+ Kxd6 40. c5+
Ke7 41. Na5 Rdc7 42. Nxb7 Rb8 43. c6 Kf6 44. Ra5 Rbxb7 45. cxb7 Rxb7 46. Rb1
Rb6 47. g3 Bd7 48. Kd4 Rd6+ 49. Kc4 Rd5 50. Ra7 Rd2 51. b6 e5 52. b7 exf4 53.
b8=Q fxg3 54. Qd8+ 1-0

[Event "Oberschwaben-chA"]
[Site "Markdorf"]
[Date "2009.05.22"]
[Round "4"]
[White "Reimche, Vadim"]
[Black "Knoedler, Dieter"]
[Result "0-1"]
[WhiteElo "2021"]
[BlackElo "2300"]
[PlyCount "68"]
[EventDate "2009.05.??"]
[EventType "swiss"]
[EventRounds "7"]
[EventCountry "GER"]

1. d4 e6 2. c4 Nf6 3. Nf3 Bb4+ 4. Nbd2 O-O 5. a3 Be7 6. e4 d5 7. e5 Nfd7 8.
cxd5 exd5 9. Bd3 c5 10. O-O Nc6 11. Re1 a5 12. Bc2 Qb6 13. dxc5 Nxc5 14. Nf1 d4
15. Nxd4 Rd8 16. Nxc6 bxc6 17. Qf3 Be6 18. Ng3 Nb3 19. Be3 Nd4 20. Qe4 g6 21.
Rad1 c5 22. Bxd4 cxd4 23. b4 axb4 24. axb4 Qxb4 25. Rb1 Qc5 26. Bb3 d3 27. Bxe6
fxe6 28. Rec1 Qd5 29. Rd1 Rac8 30. Rb7 d2 31. Kf1 Rc1 32. Ke2 Qc5 33. Qa4 Rxd1
34. Qxd1 Qc4+ 0-1

[Event "Oberschwaben-chA"]
[Site "Markdorf"]
[Date "2009.05.22"]
[Round "4"]
[White "Laengl, Juergen"]
[Black "Baur, Frank"]
[Result "1/2-1/2"]
[WhiteElo "2098"]
[BlackElo "1999"]
[PlyCount "60"]
[EventDate "2009.05.??"]
[EventType "swiss"]
[EventRounds "7"]
[EventCountry "GER"]

1. d4 g6 2. e4 Bg7 3. f4 d5 4. e5 h5 5. Nf3 Bg4 6. h3 Bxf3 7. Qxf3 e6 8. Qb3
Nc6 9. Qxb7 Nxd4 10. Na3 Nh6 11. c3 Ndf5 12. Bb5+ Kf8 13. O-O Kg8 14. Bd3 Bf8
15. Qc6 Rb8 16. Bxf5 Nxf5 17. Nc2 Rb6 18. Qa4 Bc5+ 19. Kh2 Qh4 20. Rf3 Rb8 21.
Qc6 Bb6 22. b3 Qd8 23. g3 Ne7 24. Qa4 Kg7 25. Be3 c5 26. Rd1 Qc7 27. Qa6 Rhd8
28. Qe2 a5 29. Bf2 Qc6 30. Rc1 Ra8 1/2-1/2

[Event "Oberschwaben-chA"]
[Site "Markdorf"]
[Date "2009.05.22"]
[Round "4"]
[White "Namyslo, Holger"]
[Black "Schwab, Matthias"]
[Result "1/2-1/2"]
[WhiteElo "2271"]
[BlackElo "1970"]
[PlyCount "123"]
[EventDate "2009.05.??"]
[EventType "swiss"]
[EventRounds "7"]
[EventCountry "GER"]

1. e4 c5 2. Nf3 d6 3. d4 cxd4 4. Nxd4 Nf6 5. Nc3 g6 6. Be2 Bg7 7. O-O O-O 8.
Bg5 Nc6 9. Nb3 Be6 10. f4 Rc8 11. Kh1 Na5 12. e5 Nxb3 13. axb3 dxe5 14. fxe5
Nd5 15. Bf3 Nxc3 16. bxc3 Qb6 17. Bxe7 Rfe8 18. Bf6 Rxc3 19. Qd2 Rec8 20. Be4
a5 21. Bd3 Qd4 22. Ra4 Qd7 23. Bxg7 Kxg7 24. Rh4 h5 25. Qg5 Qd8 26. Qg3 Bf5 27.
Rhf4 Bxd3 28. Rxf7+ Kg8 29. cxd3 Qxd3 30. e6 Qxg3 31. hxg3 Re8 32. Rxb7 Rxe6
33. Rd1 Re8 34. Kh2 Rce3 35. Rdd7 R3e6 36. Kh3 Kf8 37. Rf7+ Kg8 38. Kh4 Rb8 39.
Rg7+ Kh8 40. Rh7+ Kg8 41. Rbg7+ Kf8 42. Ra7 Kg8 43. Rhg7+ Kh8 44. Kg5 Rb5+ 45.
Kh6 g5+ 46. Kxh5 Rxb3 47. Rxg5 Rb2 48. Rd5 Re8 49. Rdxa5 Rxg2 50. Rg5 Rh2+ 51.
Kg4 Rb2 52. Rh5+ Kg8 53. Rhh7 Reb8 54. Kh3 Rb1 55. Rhg7+ Kh8 56. Rgf7 Rh1+ 57.
Kg2 Rhb1 58. g4 R1b3 59. g5 Kg8 60. Rf3 R3b5 61. Rg3 R8b7 62. Rxb7 1/2-1/2

[Event "Oberschwaben-chA"]
[Site "Markdorf"]
[Date "2009.05.22"]
[Round "4"]
[White "Engelhart, Achim"]
[Black "Mack, Wolfgang"]
[Result "0-1"]
[WhiteElo "2099"]
[BlackElo "2241"]
[PlyCount "162"]
[EventDate "2009.05.??"]
[EventType "swiss"]
[EventRounds "7"]
[EventCountry "GER"]

1. e4 g6 2. d4 Bg7 3. Nc3 d6 4. f4 a6 5. Nf3 b5 6. Bd3 Nd7 7. a4 b4 8. Ne2 c5
9. c3 Bb7 10. O-O bxc3 11. bxc3 cxd4 12. cxd4 Nc5 13. Rb1 Nxd3 14. Rxb7 Nxc1
15. Qxc1 Rc8 16. Qb1 Nh6 17. Rb6 O-O 18. Rxa6 Qd7 19. Qb5 Qe6 20. Ng3 Qa2 21.
Rc6 Rb8 22. Qc4 Qa3 23. h3 Rb4 24. Qc2 Rxa4 25. e5 dxe5 26. fxe5 Rxd4 27. Nxd4
Qxg3 28. Nf3 Bxe5 29. Nxe5 Qxe5 30. Rc8 Nf5 31. Rxf8+ Kxf8 32. Qf2 h5 33. Re1
Qc3 34. Rd1 h4 35. Rf1 Kg7 36. Rd1 Kf6 37. Re1 Kg5 38. Rf1 Qc4 39. Qd2+ Kf6 40.
Qb2+ e5 41. Qb6+ Kg5 42. Qd8+ f6 43. Qd2+ Kh5 44. Qd1+ Kg5 45. Qd2+ Kh5 46.
Qd1+ Kh6 47. Qd2+ Kg7 48. Qd7+ Qf7 49. Qc6 Qa7+ 50. Kh2 Qe3 51. Qc7+ Kh6 52.
Qc1 Qg5 53. Qxg5+ Kxg5 54. Kg1 Ng3 55. Ra1 Kf4 56. Ra6 Ne4 57. Ra3 f5 58. Rd3
Ng3 59. Kf2 e4 60. Rd4 g5 61. Ra4 Nh5 62. Ra3 Ng7 63. Ra4 Ne6 64. Rc4 Ke5 65.
Ra4 Kf4 66. Rc4 Ng7 67. Ra4 Nh5 68. Rc4 Nf6 69. Ra4 Nd7 70. Rb4 Ne5 71. Ra4
Nd3+ 72. Kf1 g4 73. hxg4 fxg4 74. Rc4 h3 75. Kg1 Kg3 76. gxh3 gxh3 77. Rc2 e3
78. Re2 Kf3 79. Rh2 Nf4 80. Kf1 e2+ 81. Ke1 Kg3 0-1

[Event "Oberschwaben-chA"]
[Site "Markdorf"]
[Date "2009.05.22"]
[Round "4"]
[White "Schroeder, Johannes"]
[Black "Bacquele, Fabrice"]
[Result "1/2-1/2"]
[WhiteElo "2127"]
[BlackElo "1830"]
[PlyCount "56"]
[EventDate "2009.05.??"]
[EventType "swiss"]
[EventRounds "7"]
[EventCountry "GER"]

1. Nf3 Nf6 2. g3 d5 3. Bg2 c6 4. O-O Bf5 5. d3 e6 6. Nbd2 h6 7. b3 Bc5 8. Bb2
O-O 9. c4 Nbd7 10. Rc1 Qe7 11. Rc2 a5 12. a4 Bh7 13. Qa1 Rfe8 14. Ne5 Nb8 15.
Ndf3 Na6 16. Rcc1 Nh5 17. Nd2 f6 18. Bf3 fxe5 19. Bxh5 Rf8 20. Bf3 Bb4 21. Bc3
Qg5 22. Bxb4 Nxb4 23. Qb2 Bf5 24. Bg2 Bg4 25. Rce1 Rf7 26. h4 Qf6 27. Qb1 Raf8
28. f3 Bh5 1/2-1/2

[Event "Oberschwaben-chA"]
[Site "Markdorf"]
[Date "2009.05.22"]
[Round "4"]
[White "Hoersch, Heiner"]
[Black "Zdzuj, Christian"]
[Result "1-0"]
[WhiteElo "2034"]
[BlackElo "1931"]
[PlyCount "59"]
[EventDate "2009.05.??"]
[EventType "swiss"]
[EventRounds "7"]
[EventCountry "GER"]

1. d4 d5 2. c4 e6 3. Nf3 c5 4. cxd5 exd5 5. Nc3 Nc6 6. e3 Nf6 7. Be2 a6 8. O-O
Bd6 9. a3 O-O 10. dxc5 Bxc5 11. b4 Ba7 12. b5 axb5 13. Nxb5 Bb6 14. Bb2 Ne4 15.
Rc1 Re8 16. Nbd4 Qd6 17. Bb5 Bd7 18. a4 Bc7 19. Qc2 Ng5 20. g3 Nxd4 21. Nxd4
Rac8 22. Nf5 Qe6 23. Bxd7 Qxd7 24. Nxg7 Nf3+ 25. Kg2 Nh4+ 26. Kh1 Bxg3 27. Nxe8
Qh3 28. Nf6+ Kg7 29. Qxh7+ Kf8 30. Ba3+ 1-0

[Event "Oberschwaben-chA"]
[Site "Markdorf"]
[Date "2009.05.22"]
[Round "4"]
[White "Kreuzahler, Marc"]
[Black "Jurisic, Zlatko"]
[Result "1/2-1/2"]
[WhiteElo "2006"]
[BlackElo "2047"]
[PlyCount "30"]
[EventDate "2009.05.??"]
[EventType "swiss"]
[EventRounds "7"]
[EventCountry "GER"]

1. Nc3 d6 2. e4 g6 3. d4 Bg7 4. Be3 c6 5. f3 Qa5 6. Qd2 Nd7 7. Nh3 Ngf6 8. Nf2
a6 9. Be2 b5 10. O-O Qc7 11. f4 Nb6 12. e5 Nfd5 13. Nxd5 Nxd5 14. c4 Nxe3 15.
Qxe3 O-O 1/2-1/2

[Event "Oberschwaben-chA"]
[Site "Markdorf"]
[Date "2009.05.22"]
[Round "4"]
[White "Hoffart, Alexander"]
[Black "Ahlfaenger, Andreas"]
[Result "0-1"]
[WhiteElo "1873"]
[BlackElo "2022"]
[PlyCount "76"]
[EventDate "2009.05.??"]
[EventType "swiss"]
[EventRounds "7"]
[EventCountry "GER"]

1. d4 f5 2. c4 Nf6 3. g3 g6 4. Bg2 Bg7 5. Nc3 d6 6. Nf3 O-O 7. O-O c6 8. Re1
Ne4 9. e3 Kh8 10. Nd2 Nxc3 11. bxc3 Qa5 12. Qb3 e5 13. Bb2 Nd7 14. Rad1 Qb6 15.
Nf3 e4 16. Nd2 Qc7 17. f3 exf3 18. Bxf3 Nb6 19. Ba3 c5 20. Kg2 Bd7 21. Qc2 Ba4
22. Nb3 Nxc4 23. Bc1 Na5 24. c4 Qb6 25. Rd3 Rae8 26. Bd2 Nc6 27. dxc5 dxc5 28.
Rd7 Nd4 29. exd4 Bxd7 30. Nxc5 Bc6 31. Rxe8 Bxf3+ 32. Kxf3 Rxe8 33. Be3 Qc6+
34. Kf2 Qh1 35. Qd3 b6 36. Nd7 Qxh2+ 37. Kf3 Qh1+ 38. Kf2 Rd8 0-1

[Event "Oberschwaben-chA"]
[Site "Markdorf"]
[Date "2009.05.22"]
[Round "4"]
[White "Eltrich, Martin"]
[Black "Rothmund, Joachim"]
[Result "1/2-1/2"]
[WhiteElo "1894"]
[BlackElo "1866"]
[PlyCount "54"]
[EventDate "2009.05.??"]
[EventType "swiss"]
[EventRounds "7"]
[EventCountry "GER"]

1. c4 f5 2. Nf3 Nf6 3. Nc3 g6 4. d4 Bg7 5. g3 O-O 6. Bg2 d6 7. O-O Nc6 8. a3 e5
9. e3 h6 10. b4 e4 11. Nd2 Bd7 12. Bb2 Ne7 13. f3 exf3 14. Bxf3 c6 15. Qb3 Kh8
16. e4 fxe4 17. Ncxe4 Bh3 18. Bg2 Bxg2 19. Kxg2 Nf5 20. d5 Ng4 21. Bxg7+ Kxg7
22. Qc3+ Kh7 23. Rae1 cxd5 24. cxd5 Rc8 25. Qd3 Qb6 26. Kh3 Ne5 27. Qe2 Rce8
1/2-1/2

[Event "Oberschwaben-chA"]
[Site "Markdorf"]
[Date "2009.05.23"]
[Round "5"]
[White "Knoedler, Dieter"]
[Black "Mack, Wolfgang"]
[Result "1/2-1/2"]
[WhiteElo "2300"]
[BlackElo "2241"]
[PlyCount "52"]
[EventDate "2009.05.??"]
[EventType "swiss"]
[EventRounds "7"]
[EventCountry "GER"]

1. c4 g6 2. g3 Bg7 3. Bg2 e5 4. Nc3 d6 5. d3 Nc6 6. Rb1 f5 7. e3 Nf6 8. Nge2
O-O 9. O-O Nh5 10. Nd5 Ne7 11. b4 c6 12. Nxe7+ Qxe7 13. b5 c5 14. Qc2 Be6 15.
Bd2 Rad8 16. a4 Kh8 17. a5 Qf7 18. b6 a6 19. Rbc1 Rc8 20. f4 exf4 21. Nxf4 Nxf4
22. Rxf4 Kg8 23. e4 Qd7 24. exf5 Rxf5 25. Re1 Re5 26. Rfe4 Bh3 1/2-1/2

[Event "Oberschwaben-chA"]
[Site "Markdorf"]
[Date "2009.05.23"]
[Round "5"]
[White "Baur, Frank"]
[Black "Hoersch, Heiner"]
[Result "1-0"]
[WhiteElo "1999"]
[BlackElo "2034"]
[PlyCount "81"]
[EventDate "2009.05.??"]
[EventType "swiss"]
[EventRounds "7"]
[EventCountry "GER"]

1. g3 Nf6 2. Bg2 g6 3. Nf3 Bg7 4. O-O O-O 5. d3 d5 6. Nbd2 c6 7. e4 dxe4 8.
dxe4 Na6 9. Re1 Qb6 10. Qe2 Be6 11. e5 Ng4 12. h3 Nh6 13. c3 Rad8 14. Ne4 Qb5
15. Qxb5 cxb5 16. Bg5 Rfe8 17. a3 Bd5 18. Nd4 Nc7 19. Rad1 Kf8 20. Nc5 Bxg2 21.
Kxg2 b6 22. Ne4 Ng8 23. Bf4 h6 24. h4 a6 25. Nc6 Rd5 26. Nb4 Rdd8 27. Kf3 a5
28. Nc6 Rd5 29. Rxd5 Nxd5 30. Rd1 Nxf4 31. gxf4 f5 32. Ng3 Rc8 33. Nd4 b4 34.
axb4 axb4 35. cxb4 Rc4 36. b5 Kf7 37. h5 Rb4 38. b3 e6 39. hxg6+ Kxg6 40. Nf1
Kf7 41. Ne3 1-0

[Event "Oberschwaben-chA"]
[Site "Markdorf"]
[Date "2009.05.23"]
[Round "5"]
[White "Reimche, Vadim"]
[Black "Namyslo, Holger"]
[Result "0-1"]
[WhiteElo "2021"]
[BlackElo "2271"]
[PlyCount "60"]
[EventDate "2009.05.??"]
[EventType "swiss"]
[EventRounds "7"]
[EventCountry "GER"]

1. Nf3 d5 2. d4 e6 3. e3 Nf6 4. c4 c6 5. Nc3 Nbd7 6. cxd5 exd5 7. Bd3 Be7 8.
Rb1 O-O 9. b4 a6 10. O-O Re8 11. Qc2 Nf8 12. Bd2 Bd6 13. h3 Bd7 14. Na4 b6 15.
Bc3 Bc7 16. Ne5 Ne4 17. Ba1 f6 18. Bxe4 fxe5 19. Bf5 e4 20. Bxd7 Qxd7 21. f4
exf3 22. Rxf3 Ne6 23. h4 Rf8 24. Bc3 Rxf3 25. gxf3 Rf8 26. Rf1 Rf6 27. f4 Rg6+
28. Kf2 Nxf4 29. exf4 Qh3 30. Qc1 Qg2+ 0-1

[Event "Oberschwaben-chA"]
[Site "Markdorf"]
[Date "2009.05.23"]
[Round "5"]
[White "Schwab, Matthias"]
[Black "Laengl, Juergen"]
[Result "1-0"]
[WhiteElo "1970"]
[BlackElo "2098"]
[PlyCount "70"]
[EventDate "2009.05.??"]
[EventType "swiss"]
[EventRounds "7"]
[EventCountry "GER"]

1. e4 e6 2. d4 d5 3. exd5 exd5 4. Nf3 Bd6 5. Bd3 Nc6 6. c3 Bg4 7. O-O Qd7 8.
Nbd2 O-O-O 9. b4 Re8 10. a4 Nf6 11. a5 Ne7 12. b5 Ng6 13. Qc2 Nf4 14. c4 Nxd3
15. Qxd3 dxc4 16. Nxc4 Re4 17. b6 a6 18. bxc7 Bxc7 19. Bg5 Bxf3 20. Qxf3 Qxd4
21. Rac1 Rhe8 22. g3 Kb8 23. Rfd1 Qc5 24. Bxf6 Rxc4 25. Rb1 Rb4 26. Bxg7 Bxa5
27. Qxf7 Qe7 28. Qd5 Qe4 29. Qd6+ Ka8 30. Rbc1 Rb5 31. Qd7 Bb6 32. Bh6 Qe2 33.
Be3 Rxe3 34. Rc8+ Ka7 35. Qd6 Qxd1+ {Zeit} 1-0

[Event "Oberschwaben-chA"]
[Site "Markdorf"]
[Date "2009.05.23"]
[Round "5"]
[White "Ahlfaenger, Andreas"]
[Black "Schroeder, Johannes"]
[Result "1-0"]
[WhiteElo "2022"]
[BlackElo "2127"]
[PlyCount "93"]
[EventDate "2009.05.??"]
[EventType "swiss"]
[EventRounds "7"]
[EventCountry "GER"]

1. c4 Nf6 2. g3 g6 3. Bg2 Bg7 4. Nc3 O-O 5. e3 d6 6. Nge2 e5 7. O-O Nbd7 8. b3
Re8 9. Bb2 c6 10. Qc2 Qc7 11. Rad1 Nf8 12. d4 Bf5 13. e4 Be6 14. d5 cxd5 15.
cxd5 Bd7 16. Qd3 Bh6 17. Bc1 Bxc1 18. Rxc1 Qb6 19. h3 Rac8 20. Kh2 Nh5 21. f4
exf4 22. g4 Ng3 23. Nxg3 fxg3+ 24. Kxg3 Re5 25. Qf3 Be8 26. Na4 Qd8 27. Rxc8
Qxc8 28. Nb2 Re7 29. Qf6 Rd7 30. Nc4 Qd8 31. Qxd8 Rxd8 32. Rf6 Nd7 33. Rxd6 Kf8
34. e5 Ke7 35. e6 Nc5 36. Rxd8 Kxd8 37. b4 Nd3 38. exf7 Bxf7 39. a3 b6 40. Be4
Nc1 41. Ne5 Be8 42. Kf4 Ne2+ 43. Kg5 Nc3 44. Bf3 Nb5 45. a4 Nd4 46. Bd1 Ke7 47.
Kf4 1-0

[Event "Oberschwaben-chA"]
[Site "Markdorf"]
[Date "2009.05.23"]
[Round "5"]
[White "Bacquele, Fabrice"]
[Black "Kreuzahler, Marc"]
[Result "1-0"]
[WhiteElo "1830"]
[BlackElo "2006"]
[PlyCount "59"]
[EventDate "2009.05.??"]
[EventType "swiss"]
[EventRounds "7"]
[EventCountry "GER"]

1. e4 Nc6 2. Nf3 d5 3. exd5 Qxd5 4. Nc3 Qh5 5. Be2 Bg4 6. O-O O-O-O 7. h3 Nf6
8. hxg4 Nxg4 9. d3 e5 10. Ne4 Nd4 11. Re1 f5 12. Ng3 Nxf3+ 13. Bxf3 Qh2+ 14.
Kf1 Nxf2 15. Kxf2 Bc5+ 16. Be3 Bxe3+ 17. Rxe3 f4 18. Re4 Qxg3+ 19. Ke2 h5 20.
Qe1 Qg6 21. Qa5 a6 22. Rb4 e4 23. Bxe4 Rhe8 24. Kf1 Rxe4 25. Rxe4 f3 26. gxf3
Rf8 27. Kf2 Qf6 28. Qxh5 Qxb2 29. Re8+ Kd7 30. Qd5+ 1-0

[Event "Oberschwaben-chA"]
[Site "Markdorf"]
[Date "2009.05.23"]
[Round "5"]
[White "Jurisic, Zlatko"]
[Black "Engelhart, Achim"]
[Result "1/2-1/2"]
[WhiteElo "2047"]
[BlackElo "2099"]
[PlyCount "44"]
[EventDate "2009.05.??"]
[EventType "swiss"]
[EventRounds "7"]
[EventCountry "GER"]

1. c4 c5 2. Nf3 Nc6 3. Nc3 e5 4. d3 g6 5. g3 Bg7 6. Bg2 Nge7 7. O-O O-O 8. Ne1
d6 9. Nc2 Be6 10. Ne3 Qd7 11. Ned5 Bh3 12. Bh6 Bxg2 13. Kxg2 Nxd5 14. Nxd5 Ne7
15. Nxe7+ Qxe7 16. Bxg7 Kxg7 17. a3 a5 18. b4 axb4 19. axb4 cxb4 20. Qb3 b5 21.
Qxb4 bxc4 22. Qxc4 Qb7+ 1/2-1/2

[Event "Oberschwaben-chA"]
[Site "Markdorf"]
[Date "2009.05.23"]
[Round "5"]
[White "Kohn, Thomas"]
[Black "Zdzuj, Christian"]
[Result "1/2-1/2"]
[WhiteElo "1991"]
[BlackElo "1931"]
[PlyCount "61"]
[EventDate "2009.05.??"]
[EventType "swiss"]
[EventRounds "7"]
[EventCountry "GER"]

1. d4 d5 2. Nf3 e6 3. c4 c5 4. e3 Nc6 5. b3 Nf6 6. Bb2 a6 7. Nbd2 Be7 8. Bd3
O-O 9. O-O b6 10. Ne5 Bb7 11. Rc1 Rc8 12. Qe2 dxc4 13. Ndxc4 cxd4 14. Nxc6 Rxc6
15. Bxd4 b5 16. Ne5 Rxc1 17. Rxc1 Qa8 18. f3 Rc8 19. Qb2 Rxc1+ 20. Qxc1 Qc8 21.
Qxc8+ Bxc8 22. a4 bxa4 23. bxa4 Nd7 24. Nxd7 Bxd7 25. a5 Bb4 26. Bb6 Bc8 27.
Kf2 Kf8 28. Ke2 h6 29. e4 e5 30. g3 Ke7 31. f4 1/2-1/2

[Event "Oberschwaben-chA"]
[Site "Markdorf"]
[Date "2009.05.23"]
[Round "5"]
[White "Jacob, Matthaeus"]
[Black "Eltrich, Martin"]
[Result "0-1"]
[WhiteElo "1880"]
[BlackElo "1894"]
[PlyCount "92"]
[EventDate "2009.05.??"]
[EventType "swiss"]
[EventRounds "7"]
[EventCountry "GER"]

1. e4 c6 2. d4 d5 3. Nc3 dxe4 4. Nxe4 Nf6 5. Nxf6+ gxf6 6. Bf4 Bf5 7. Nf3 Na6
8. Bd3 Bxd3 9. Qxd3 Nb4 10. Qd2 Nd5 11. O-O Qd7 12. c4 Nxf4 13. Qxf4 h5 14.
Rfe1 Rg8 15. Qxf6 Rg6 16. Qh4 Qf5 17. Qe4 Qf6 18. Ne5 Rg5 19. Re3 Rf5 20. Rf3
Rxf3 21. Qxf3 Qxf3 22. Nxf3 Rd8 23. Rd1 Bg7 24. b3 e6 25. Kf1 c5 26. d5 exd5
27. Rxd5 Rxd5 28. cxd5 Kd7 29. Ke2 Kd6 30. Kd3 Kxd5 31. a4 a6 32. Ne1 Bd4 33.
f3 b5 34. axb5 axb5 35. g4 hxg4 36. fxg4 c4+ 37. bxc4+ bxc4+ 38. Ke2 Ke4 39.
Nf3 Bf6 40. h4 c3 41. g5 c2 42. Nd2+ Kf5 43. Nb3 Bb2 44. Kd2 c1=Q+ 45. Nxc1
Bxc1+ 46. Kxc1 Kg4 0-1

[Event "Oberschwaben-chA"]
[Site "Markdorf"]
[Date "2009.05.23"]
[Round "5"]
[White "Rothmund, Joachim"]
[Black "Hoffart, Alexander"]
[Result "1-0"]
[WhiteElo "1866"]
[BlackElo "1873"]
[PlyCount "53"]
[EventDate "2009.05.??"]
[EventType "swiss"]
[EventRounds "7"]
[EventCountry "GER"]

1. e4 c6 2. d4 d5 3. f3 e6 4. Nc3 Nf6 5. e5 Nfd7 6. f4 c5 7. Nf3 Nc6 8. Be3 Be7
9. Be2 O-O 10. O-O Qb6 11. Na4 Qa5 12. Nxc5 Nxc5 13. dxc5 Bxc5 14. Bxc5 Qxc5+
15. Kh1 Bd7 16. Bd3 g6 17. Ng5 Kg7 18. Rf3 Nb4 19. Rh3 Rh8 20. c3 Nxd3 21. Qxd3
Qe7 22. Re1 Rad8 23. Qg3 Bc6 24. f5 exf5 25. e6 Rde8 26. Nxf7 Rhf8 27. Qe5+ 1-0

[Event "Oberschwaben-chA"]
[Site "Markdorf"]
[Date "2009.05.23"]
[Round "6"]
[White "Baur, Frank"]
[Black "Knoedler, Dieter"]
[Result "1/2-1/2"]
[WhiteElo "1999"]
[BlackElo "2300"]
[PlyCount "46"]
[EventDate "2009.05.??"]
[EventType "swiss"]
[EventRounds "7"]
[EventCountry "GER"]

1. g3 c5 2. Bg2 Nc6 3. Nf3 g6 4. O-O Bg7 5. c3 e5 6. e4 Nge7 7. d3 O-O 8. Nbd2
d6 9. a3 h6 10. b4 Be6 11. Bb2 Qd7 12. Nb3 a5 13. b5 Nd8 14. a4 b6 15. d4 exd4
16. cxd4 Rc8 17. Rc1 d5 18. exd5 Qxd5 19. Nfd2 Qd7 20. Nc4 Bxc4 21. Rxc4 Ne6
22. Ba3 cxd4 23. Bc6 Nxc6 1/2-1/2

[Event "Oberschwaben-chA"]
[Site "Markdorf"]
[Date "2009.05.23"]
[Round "6"]
[White "Mack, Wolfgang"]
[Black "Schwab, Matthias"]
[Result "1/2-1/2"]
[WhiteElo "2241"]
[BlackElo "1970"]
[PlyCount "113"]
[EventDate "2009.05.??"]
[EventType "swiss"]
[EventRounds "7"]
[EventCountry "GER"]

1. e4 c5 2. Nc3 d6 3. g3 g6 4. Bg2 Bg7 5. d3 Nc6 6. Be3 e6 7. Qd2 Nge7 8. Bh6
Bxh6 9. Qxh6 Ng8 10. Qd2 Nd4 11. Nd1 Ne7 12. Ne3 O-O 13. c3 Ndc6 14. Ne2 f5 15.
exf5 Nxf5 16. Nxf5 Rxf5 17. O-O Bd7 18. d4 cxd4 19. Nxd4 Nxd4 20. Qxd4 Bc6 21.
Rad1 Bxg2 22. Kxg2 d5 23. Rde1 Qf6 24. Qc5 Kf7 25. Re2 Qe7 26. Qe3 b6 27. Rfe1
Re8 28. h4 Qd6 29. Rh1 e5 30. Rd1 Qc6 31. Kg1 e4 32. Rd4 Kg7 33. Qd2 Ref8 34.
c4 dxc4 35. Qc3 Kg8 36. Qxc4+ Qxc4 37. Rxc4 Re8 38. Rcxe4 Rxe4 39. Rxe4 Rf7 40.
b4 h5 41. a4 Rc7 42. b5 Kf7 43. Kg2 Rc3 44. g4 hxg4 45. Rxg4 Ra3 46. f3 Ra1 47.
Kg3 Kf6 48. Rd4 Kf5 49. Re4 Ra2 50. Rf4+ Ke5 51. Rb4 Kf5 52. Re4 Ra1 53. Kf2
Ra3 54. Ke2 Kf6 55. Rd4 Kf5 56. Rc4 Kf6 57. Kf2 1/2-1/2

[Event "Oberschwaben-chA"]
[Site "Markdorf"]
[Date "2009.05.23"]
[Round "6"]
[White "Namyslo, Holger"]
[Black "Ahlfaenger, Andreas"]
[Result "1-0"]
[WhiteElo "2271"]
[BlackElo "2022"]
[PlyCount "69"]
[EventDate "2009.05.??"]
[EventType "swiss"]
[EventRounds "7"]
[EventCountry "GER"]

1. e4 c5 2. Nf3 Nc6 3. d4 cxd4 4. Nxd4 g6 5. Nc3 Bg7 6. Nb3 Nf6 7. Be2 O-O 8.
O-O a5 9. a4 Nb4 10. Bg5 d6 11. f4 Bd7 12. Kh1 Bc6 13. Bf3 Qc7 14. Qe2 e6 15.
Rad1 Rfe8 16. Nd4 d5 17. e5 Nd7 18. Rd2 h6 19. Bh4 g5 20. Ncb5 Bxb5 21. Nxb5
Qb8 22. fxg5 hxg5 23. Bh5 Rf8 24. Bxg5 Qxe5 25. Be7 Nc6 26. Bd6 Qg5 27. Bxf8
Rxf8 28. Rd3 Nf6 29. Rh3 Ne4 30. Bf3 f5 31. c3 Rf6 32. Nc7 Rh6 33. Rxh6 Bxh6
34. Bxe4 dxe4 35. Nxe6 1-0

[Event "Oberschwaben-chA"]
[Site "Markdorf"]
[Date "2009.05.23"]
[Round "6"]
[White "Laengl, Juergen"]
[Black "Bacquele, Fabrice"]
[Result "1-0"]
[WhiteElo "2098"]
[BlackElo "1830"]
[PlyCount "83"]
[EventDate "2009.05.??"]
[EventType "swiss"]
[EventRounds "7"]
[EventCountry "GER"]

1. d4 d5 2. Nc3 Nf6 3. Bg5 Nbd7 4. Nf3 g6 5. Qd3 Bg7 6. O-O-O O-O 7. e4 c6 8.
e5 Ne8 9. Qe3 f6 10. Bh6 fxe5 11. dxe5 Qb6 12. Qd2 Nc5 13. Bxg7 Nxg7 14. Qg5
Ne4 15. Nxe4 dxe4 16. Nd4 Qc5 17. h4 Ne6 18. Nb3 Qxf2 19. Qxe7 Qf4+ 20. Kb1
Qxe5 21. h5 g5 22. Bc4 Qf6 23. Qd6 Kg7 24. Rhf1 Nf4 25. Qc7+ Kh8 26. Nc5 Bf5
27. g3 Rac8 28. Qa5 b6 29. Qa3 bxc5 30. gxf4 g4 31. Qxc5 Rcd8 32. Qxa7 g3 33.
Qg1 Bg4 34. Rxd8 Rxd8 35. Qxg3 Qd4 36. b3 Bxh5 37. Rg1 h6 38. Rh1 Qf6 39. a4 c5
40. Ka2 Be8 41. Rxh6+ Qxh6 42. Qg8# 1-0